Music Quiz

Random Music or Bands Quiz
Score 0/20 Timer 05:00
7 Plays Today
Band % Correct
Village People (Macho Man)
84.4%
The Rolling Stones (Between the Buttons)
74.4%
Ramones (Ramones)
73.6%
The Who (Who's Next)
71.2%
U2 (How to Dismantle an Atomic Bomb)
61.4%
The Doors (L.A. Woman)
54.3%
The Clash (The Clash)
46.9%
Pearl Jam (Ten)
42.6%
Creedence Clearwater Revival (Green River)
39.3%
Public Enemy (It Takes a Nation of Millions to Hold us Back)
37.6%
Band % Correct
Foo Fighters (Wasting Light)
34.5%
Eagles (Desperado)
33.1%
The Band (The Band)
31.4%
The Allman Brothers Band (At Fillmore East)
30.8%
Talking Heads (More Songs About Buildings and Food)
26%
Cheap Trick (Dream Police)
24.4%
Sly & the Family Stone (Dance to the Music)
23.5%
Black Sabbath (Sabotage)
22.5%
Television (Marquee Moon)
17.8%
Linkin Park (Minutes to Midnight)
12.7%
Remove Ads.
Support Sporcle.
Get the best of Sporcle when you Go Orange. This ad-free experience offers more features, more stats, and more fun while also helping to support Sporcle. Thank you for becoming a member.

You're not logged in!

Compare scores with friends on all Sporcle quizzes.
OR
Log In

Show Comments

Extras

Top Quizzes Today


Score Distribution

Your Account Isn't Verified!

In order to create a playlist on Sporcle, you need to verify the email address you used during registration. Go to your Sporcle Settings to finish the process.

Report this User

Report this user for behavior that violates our Community Guidelines.

Details: